Polska Liga Koszykówki - drużyny - Statystyki

Ogólne statystyki
  • Ten quiz został rozwiązany 151 razy
  • Średni wynik to 5 z 16
Statystyki odpowiedzi
Kluby % Poprawnych
Anwil Włocławek
75%
Legia Warszawa
67%
Arka Gdynia
58%
Trefl Sopot
51%
Polski Cukier Toruń
45%
King Szczecin
33%
GTK Gliwice
29%
MKS Dąbrowa Górnicza
27%
Spójnia Stargard
27%
Miasto Szkła Krosno
25%
HydroTruck Radom
24%
Polpharma Starogard Gdański
24%
AZS Koszalin
19%
Stelmet Enea BC Zielona Góra
16%
TBV Start Lublin
16%
Arged BMSlam Stal Ostrów Wielkopolski
13%
Nie znaleziono quizów pasujących do podanych kryteriów
Rozkład punktacji
Procent ludzi z każdym wynikiem
Percentyl według liczby udzielonych odpowiedzi
Twoja historia wyników
Nie rozwiązałeś tego quizu